Arabian Sea Countries - Statistics

General Stats
  • This quiz has been taken 116 times
    63 since last reset
  • The average score is 8 of 9
Answer Stats
Country % Correct
Oman
100%
Yemen
96%
Iran
89%
United Arab Emirates
89%
India
85%
Pakistan
85%
Somalia
85%
Maldives
77%
Djibouti
66%
No matching quizzes found
Score Distribution
Percent of People with Each Score
Percentile by Number Answered
Your Score History
You have not taken this quiz since the last reset